Equipe nouvelle 1 : L (Record no. 12102)
[ view plain ]
| 000 -LEADER | |
|---|---|
| fixed length control field | 00833nam a22002297a 4500 |
| 003 - CONTROL NUMBER IDENTIFIER | |
| control field | OSt |
| 005 - DATE AND TIME OF LATEST TRANSACTION | |
| control field | 20190115090756.0 |
| 008 - FIXED-LENGTH DATA ELEMENTS--GENERAL INFORMATION | |
| fixed length control field | 130925t xxu||||| |||| 00| 0 eng d |
| 020 ## - INTERNATIONAL STANDARD BOOK NUMBER | |
| International Standard Book Number | 9780199124497 |
| 050 ## - LIBRARY OF CONGRESS CALL NUMBER | |
| Classification number | PB 6.209.1 |
| Item number | .B768 2004 |
| 100 ## - MAIN ENTRY--PERSONAL NAME | |
| Personal name | Bourdais, Daniele |
| 9 (RLIN) | 2668 |
| 245 ## - TITLE STATEMENT | |
| Title | Equipe nouvelle 1 : L |
| Remainder of title | ivre de l'eltudiant / |
| Statement of responsibility, etc | Daniele Bourdais. |
| 260 ## - PUBLICATION, DISTRIBUTION, ETC. (IMPRINT) | |
| Place of publication, distribution, etc | Oxford : |
| Name of publisher, distributor, etc | Oxford University Press, |
| Date of publication, distribution, etc | c2004. |
| 300 ## - PHYSICAL DESCRIPTION | |
| Extent | 158 p. : |
| Other physical details | ill. col. ; |
| Dimensions | 28 cm. |
| 500 ## - GENERAL NOTE | |
| General note | Includes Glossary |
| 651 ## - SUBJECT ADDED ENTRY--GEOGRAPHIC NAME | |
| Geographic name | Modern languages (ie other than English) |
| General subdivision | French |
| 9 (RLIN) | 21657 |
| 651 ## - SUBJECT ADDED ENTRY--GEOGRAPHIC NAME | |
| Geographic name | Non-Fiction |
| General subdivision | age level unknown. |
| 9 (RLIN) | 21658 |
| 651 ## - SUBJECT ADDED ENTRY--GEOGRAPHIC NAME | |
| Geographic name | French language |
| General subdivision | Study and teaching (Secondary) |
| -- | English speakers. |
| 9 (RLIN) | 21659 |
| 651 ## - SUBJECT ADDED ENTRY--GEOGRAPHIC NAME | |
| Geographic name | French language |
| General subdivision | Textbooks for foreign speakers |
| -- | English. |
| 9 (RLIN) | 21660 |
| 942 ## - ADDED ENTRY ELEMENTS (KOHA) | |
| Source of classification or shelving scheme | Library of Congress Classification |
| Koha item type | Books |
| Withdrawn status | Lost status | Source of classification or shelving scheme | Damaged status | Home library | Current library | Shelving location | Date acquired | Source of acquisition | Total Checkouts | Total Renewals | Full call number | Barcode | Date last seen | Date checked out | Copy number | Price effective from | Koha item type | Public note |
|---|---|---|---|---|---|---|---|---|---|---|---|---|---|---|---|---|---|---|
| Library of Congress Classification | Luxembourg Library | Luxembourg Library | Teachers Reference Section | 09/25/2013 | Donation | 2 | 3 | PB 6.209.1 .B768 2004 | 19557 | 12/12/2018 | 07/25/2018 | 1 | 09/25/2013 | Books | Lost and replaced by Sir Calixto Obong Jr. with book 20706 | |||
| Library of Congress Classification | Luxembourg Library | Luxembourg Library | Teachers Reference Section | 05/06/2014 | 3 | 7 | PB 6.209.1 .B768 2004 | 15124 | 10/14/2015 | 08/05/2015 | 1 | 05/06/2014 | Books |